| 000 | 00899nam a2200217 a 4500 | ||
|---|---|---|---|
| 003 | OSt | ||
| 005 | 20150408114119.0 | ||
| 008 | 130224s2008 ti g b 000 0 ara d | ||
| 020 | _a9789973881335 | ||
| 040 | _aMa-Un | ||
| 082 | 0 | 4 |
_221 _a250 _bط م ت |
| 100 | 1 |
_921628 _aطاع الله، محمد. |
|
| 245 | 1 | 2 |
_aالتأصيل البياني لفقه الشريعة وإشكالياته : _bمحاولة حفر في لحظة التأسيس / _cمحمد طاع الله. |
| 260 |
_aتونس : _bميسكيلياني للنشر، _aالقيروان، تونس : _bكلية الآداب والعلوم الإنسانية، _c2008 _m[1428] |
||
| 300 |
_a326 ص. ؛ _c24 سم. |
||
| 490 | 0 | _aسلسلة أفكار | |
| 504 | _aببليوجرافية : ص. 317-322. | ||
| 650 | 7 |
_aالفقه الإسلامي _2aucsh _921695 |
|
| 650 | 7 |
_aالشريعة الإسلامية _2aucsh |
|
| 942 |
_2ddc _cBOOK |
||
| 999 |
_c28126 _d262626 |
||